[Event "CHN Team Men 2016"]
[Site "Wuxi CHN"]
[Date "2016.07.30"]
[Round "4.6"]
[Board "2"]
[White "Li, Di"]
[Black "Wu, Hao"]
[Result "1-0"]
[WhiteTitle "FM"]
[WhiteElo "2426"]
[BlackElo "1600"]
[WhiteTeam "Chengdu"]
[BlackTeam "Shanxi Huxiaoling"]
[WhiteFideId "8607508"]
[BlackFideId "8616450"]
[EventDate "2016.07.28"]

1. d4 d5 2. c4 c6 3. Nf3 Nf6 4. Nc3 e6 5. e3 Nbd7 6. Bd3 dxc4 7. Bxc4 b5 8. Bd3
Bb7 9. O-O Bd6 10. Qc2 O-O 11. Ng5 h6 12. Nge4 Bb8 13. Rd1 Nd5 14. a3 e5 15. Ng3
exd4 16. Nxd5 cxd5 17. Bxb5 dxe3 18. Bxe3 Ne5 19. h3 a6 20. Bf1 Re8 21. Qb3 Bc6
22. Qc3 Qd7 23. Rac1 Bb7 24. Ne4 Qf5 25. Nc5 Bc6 26. Bd4 Qf4 27. Qg3 Qxg3 28.
fxg3 Ng6 29. Bf2 a5 30. Na6 Bb7 31. Nc7 Bxc7 32. Rxc7 Re7 33. Rdc1 Ba6 34. Rxe7
Nxe7 35. Rc7 Bxf1 36. Kxf1 Rc8 37. g4 Ng6 38. Rc5 Rb8 39. Bd4 Nf4 40. Rxa5 Rb3
41. Be5 Nd3 42. Rxd5 Nxe5 43. Rxe5 Rxb2 44. Re8+ Kh7 45. Re2 Rb1+ 46. Kf2 Ra1
47. Re3 g6 48. Kf3 h5 49. gxh5 gxh5 1-0

[Event "CHN Team Men 2016"]
[Site "Wuxi CHN"]
[Date "2016.07.30"]
[Round "4.6"]
[Board "3"]
[White "Lu, Kaiyan"]
[Black "Liu, Guanchu"]
[Result "0-1"]
[BlackTitle "IM"]
[WhiteElo "1511"]
[BlackElo "2366"]
[WhiteTeam "Shanxi Huxiaoling"]
[BlackTeam "Chengdu"]
[WhiteFideId "8610495"]
[BlackFideId "8603901"]
[EventDate "2016.07.28"]

1. e4 e6 2. d4 d5 3. Nc3 Nf6 4. e5 Nfd7 5. f4 c5 6. Nf3 Nc6 7. Be3 Be7 8. Qd2
O-O 9. Be2 a6 10. Nd1 b5 11. c3 Qb6 12. O-O a5 13. Bd3 b4 14. f5 Ba6 15. Nf2
cxd4 16. cxd4 exf5 17. Bxf5 Bxf1 18. Rxf1 Rad8 19. Nh3 g6 20. Bb1 Qa7 21. Nhg5
h6 22. Nh3 Rfe8 23. e6 fxe6 24. Bxg6 Rf8 25. Bxh6 Bf6 26. Be3 Ne7 27. Qd3 Nb6
28. Bh6 Nc4 29. Nhg5 Bxg5 30. Nxg5 Rxf1+ 31. Qxf1 Nxg6 32. Qf6 Nf8 33. Qxd8
Qxd4+ 34. Kf1 Qf4+ 0-1

[Event "CHN Team Men 2016"]
[Site "Wuxi CHN"]
[Date "2016.07.30"]
[Round "4.7"]
[Board "2"]
[White "Yang, Bokai"]
[Black "Zhao, Chenxi"]
[Result "0-1"]
[WhiteElo "1583"]
[BlackElo "2052"]
[WhiteTeam "Shaanxi"]
[BlackTeam "Shenzhen Qiyuan"]
[WhiteFideId "8616469"]
[BlackFideId "8611513"]
[EventDate "2016.07.28"]

1. e4 c5 2. Nf3 e6 3. d4 cxd4 4. Nxd4 Nc6 5. Nc3 Qc7 6. Nb3 a6 7. a4 Nf6 8. Bd3
Be7 9. O-O O-O 10. f4 d6 11. Qf3 b6 12. Bd2 Bb7 13. Rae1 Nb4 14. Ne2 Nxd3 15.
cxd3 Qd7 16. a5 b5 17. Rc1 Rac8 18. Ned4 Rfd8 19. Qe2 Qe8 20. Bb4 Nd7 21. Qd2
Nc5 22. Rc3 Rc7 23. Rfc1 Rdc8 24. Qe3 Qd8 25. Ne2 Bf6 26. e5 Nxb3 27. Rxc7 Rxc7
28. Rxc7 Qxc7 29. exf6 Qc6 30. Qg3 g6 31. Kf2 Nc5 32. Qh3 h5 33. g4 Qd5 34. Bxc5
dxc5 35. gxh5 Qxh5 36. Qxh5 gxh5 37. f5 exf5 38. Ng3 Kh7 39. Ke3 Kg6 40. Kf4 Bc8
41. h4 Kxf6 42. Nxh5+ Kg6 43. Ng3 Be6 44. Ke5 Bd7 45. Kd6 f4 46. Nf1 Bf5 47.
Kxc5 Bxd3 48. Nd2 Kh5 49. Kd4 Be2 50. Ke4 f3 51. Ke3 Kxh4 52. Kf2 Kg4 53. b4 Bc4
54. Ne4 Be6 55. Nc5 Bc8 56. Nd3 f6 57. Ne1 Kf4 58. Nxf3 Ke4 59. Nd2+ Kd3 60. Ke1
f5 0-1

[Event "CHN Team Men 2016"]
[Site "Wuxi CHN"]
[Date "2016.07.30"]
[Round "4.7"]
[Board "3"]
[White "Yang, Yuhang"]
[Black "Liu, Chuming"]
[Result "1-0"]
[WhiteElo "1834"]
[BlackElo "1325"]
[WhiteTeam "Shenzhen Qiyuan"]
[BlackTeam "Shaanxi"]
[WhiteFideId "8611530"]
[BlackFideId "8616477"]
[EventDate "2016.07.28"]

1. d4 d5 2. c4 c6 3. Nf3 e6 4. e3 Nf6 5. Nc3 Nbd7 6. Qc2 Bd6 7. b3 O-O 8. Bd3 e5
9. cxd5 cxd5 10. Nb5 Bb4+ 11. Bd2 Bxd2+ 12. Nxd2 e4 13. Be2 Nb6 14. a4 Bd7 15.
a5 Bxb5 16. Bxb5 Nbd7 17. O-O Rc8 18. Qb2 Qc7 19. Rfc1 Qd6 20. b4 Rfd8 21. Rc3
Rc7 22. Rxc7 Qxc7 23. Rc1 Qd6 24. Qc3 Nf8 25. Qc5 Ne6 26. Qxd6 Rxd6 27. Nb3 b6
28. a6 Kf8 29. Nd2 Ke7 30. Nb1 Ne8 31. Rc8 N8c7 32. Nc3 Rd8 33. Rxd8 Nxd8 34.
Be2 Kd6 35. b5 Nde6 36. g4 g6 37. f4 f5 38. Kf2 Ng7 39. h3 h6 40. Na2 Nce6 41.
Nb4 Nd8 42. Bd1 Ne8 43. Kg3 fxg4 44. Kxg4 Nf6+ 45. Kh4 Ke6 46. Bb3 Kd6 47. Kg3
Ke6 48. h4 Kd6 49. Kh3 Ke6 50. h5 g5 51. fxg5 hxg5 52. h6 Kd6 53. h7 Nxh7 54.
Nxd5 Ne6 55. Kg4 Nc7 56. Nxc7 Kxc7 57. Kf5 Kd6 58. Bg8 g4 59. Kf4 Nf6 60. Bc4
Nd5+ 61. Bxd5 Kxd5 62. Kxg4 Kc4 63. Kf5 Kxb5 64. d5 Kc5 65. Ke6 1-0

[Event "CHN Team Men 2016"]
[Site "Wuxi CHN"]
[Date "2016.07.31"]
[Round "5.1"]
[Board "3"]
[White "Lin, Chen"]
[Black "Xiu, Deshun"]
[Result "1/2-1/2"]
[WhiteTitle "GM"]
[BlackTitle "GM"]
[WhiteElo "2519"]
[BlackElo "2557"]
[WhiteTeam "Jiangsu Lvyang"]
[BlackTeam "Beijing Beiao"]
[WhiteFideId "8602298"]
[BlackFideId "8603693"]
[EventDate "2016.07.28"]

1. e4 c5 2. Nf3 d6 3. Bb5+ Bd7 4. Bxd7+ Qxd7 5. c4 Nf6 6. Nc3 g6 7. O-O Bg7 8.
d4 cxd4 9. Nxd4 O-O 10. f3 Rc8 11. b3 d5 12. exd5 Nxd5 13. Nxd5 e6 14. Bh6 exd5
15. Bxg7 Kxg7 16. Nb5 dxc4 17. Nd6 Rd8 18. Nxb7 Qxd1 19. Rfxd1 Rxd1+ 20. Rxd1
cxb3 21. axb3 Nc6 22. Rd6 Rb8 23. Rxc6 Rxb7 24. Ra6 Rxb3 25. Rxa7 h5 26. Ra2 Rb4
27. g3 Rc4 28. Kg2 Rb4 29. Rc2 Rd4 30. Ra2 Rb4 31. Rc2 Rd4 32. Ra2 Rb4 33. Rc2
Rd4 1/2-1/2

[Event "CHN Team Men 2016"]
[Site "Wuxi CHN"]
[Date "2016.07.31"]
[Round "5.1"]
[Board "4"]
[White "An, Yanlong"]
[Black "Yu, Ruiyuan"]
[Result "1/2-1/2"]
[BlackTitle "GM"]
[WhiteElo "2251"]
[BlackElo "2501"]
[WhiteTeam "Beijing Beiao"]
[BlackTeam "Jiangsu Lvyang"]
[WhiteFideId "8615675"]
[BlackFideId "8603090"]
[EventDate "2016.07.28"]

1. d4 d5 2. c4 dxc4 3. Nc3 a6 4. a4 Nc6 5. e3 Na5 6. Nf3 Bg4 7. Be2 Bxf3 8. Bxf3
e6 9. O-O Nf6 10. Bd2 Bb4 11. Ne4 Bxd2 12. Nxd2 Nd5 13. Qc2 b5 14. e4 Nf4 15.
Qc3 c6 16. g3 Ng6 17. Qb4 Ne7 18. axb5 axb5 19. Ra3 Nb7 20. Nxc4 Rxa3 21. Nxa3
Qd6 22. Nc2 Qd7 23. Ra1 O-O 24. Ra7 Rd8 25. Qa3 Nc8 26. Ra6 Ne7 27. Ra7 Nc8 28.
Ra6 Ne7 29. Ra7 Nc8 1/2-1/2

[Event "CHN Team Men 2016"]
[Site "Wuxi CHN"]
[Date "2016.07.31"]
[Round "5.2"]
[Board "2"]
[White "Lou, Yiping"]
[Black "Mu, Ke"]
[Result "1-0"]
[WhiteTitle "IM"]
[WhiteElo "2448"]
[BlackElo "2425"]
[WhiteTeam "Shanghai"]
[BlackTeam "Qingdao"]
[WhiteFideId "8603928"]
[BlackFideId "8602778"]
[EventDate "2016.07.28"]

1. e4 e5 2. Nf3 Nc6 3. Bc4 Bc5 4. c3 Nf6 5. d3 d6 6. O-O O-O 7. Bg5 a6 8. Nbd2
Ba7 9. a4 Be6 10. b4 Ne7 11. Bxf6 gxf6 12. Nh4 Qd7 13. Kh1 Ng6 14. Qh5 Kg7 15.
Nf5+ Bxf5 16. exf5 Nf4 17. Qf3 d5 18. Bb3 Kh8 19. g3 Nh3 20. Bxd5 c6 21. Be4 Rg8
22. Qe2 Rad8 23. Nf3 Bb6 24. Rab1 Qd6 25. Nd2 Qf8 26. Bg2 Qh6 27. b5 axb5 28.
axb5 Ba5 29. Ne4 Ng5 30. Nc5 Rb8 31. h4 e4 32. dxe4 Bxc3 33. bxc6 bxc6 34. Rxb8
Rxb8 35. Kg1 Bd4 36. Qc4 1-0

[Event "CHN Team Men 2016"]
[Site "Wuxi CHN"]
[Date "2016.07.31"]
[Round "5.2"]
[Board "3"]
[White "Wang, Tongsen"]
[Black "Xu, Yi"]
[Result "1/2-1/2"]
[BlackTitle "FM"]
[WhiteElo "2309"]
[BlackElo "2396"]
[WhiteTeam "Qingdao"]
[BlackTeam "Shanghai"]
[WhiteFideId "8608067"]
[BlackFideId "8605564"]
[EventDate "2016.07.28"]

1. e4 e5 2. Nf3 Nc6 3. Bc4 Bc5 4. O-O Nf6 5. Nc3 O-O 6. h3 h6 7. d3 a6 8. a3 d6
9. b4 Ba7 10. Be3 Nd4 11. Bxd4 exd4 12. Ne2 d5 13. exd5 Nxd5 14. Qd2 b5 15. Bb3
Bb7 16. Nexd4 Qf6 17. Ne2 Rae8 18. d4 Re7 19. Rae1 Rfe8 20. Ne5 Bxd4 21. Ng4 Qg5
22. Qxd4 Rxe2 23. Rxe2 Rxe2 24. Qa7 Bc6 25. Qc5 Ne7 26. Qxg5 hxg5 27. Rd1 Nf5
28. Kf1 Re7 29. Rd8+ Kh7 30. Bd5 Bxd5 31. Rxd5 Nd6 1/2-1/2

[Event "CHN Team Men 2016"]
[Site "Wuxi CHN"]
[Date "2016.07.31"]
[Round "5.2"]
[Board "4"]
[White "Zhou, Junfeng"]
[Black "Xu, Zhihang"]
[Result "1/2-1/2"]
[WhiteElo "2022"]
[BlackElo "2206"]
[WhiteTeam "Shanghai"]
[BlackTeam "Qingdao"]
[WhiteFideId "8615330"]
[BlackFideId "8611572"]
[EventDate "2016.07.28"]

1. c4 Nf6 2. Nc3 e5 3. g3 Bb4 4. Bg2 O-O 5. Nf3 Re8 6. O-O Bxc3 7. bxc3 h6 8.
Rb1 d6 9. d3 e4 10. Nd4 Nbd7 11. Nc2 Nb6 12. Ne3 Bd7 13. Ba3 Qc8 14. Qc2 Bh3 15.
c5 dxc5 16. Bxc5 Bxg2 17. Kxg2 exd3 18. exd3 Nbd7 19. Bd4 c5 20. Bxf6 Qc6+ 21.
Kg1 Nxf6 22. Qb2 Re7 23. d4 Rd7 24. Rfd1 Rad8 25. Rd3 cxd4 26. cxd4 Nd5 27. Rbd1
Rc7 28. Qb3 h5 29. h4 Nxe3 30. Rxe3 Rdd7 31. Red3 Qd5 32. Qa4 1/2-1/2

[Event "CHN Team Men 2016"]
[Site "Wuxi CHN"]
[Date "2016.07.31"]
[Round "5.3"]
[Board "2"]
[White "Yu, Lie"]
[Black "Zhao, Jun"]
[Result "1-0"]
[WhiteTitle "IM"]
[BlackTitle "GM"]
[WhiteElo "2321"]
[BlackElo "2622"]
[WhiteTeam "Zhejiang Feiao"]
[BlackTeam "Shandong"]
[WhiteFideId "8603715"]
[BlackFideId "8602522"]
[EventDate "2016.07.28"]

1. d4 Nf6 2. c4 c5 3. d5 b5 4. cxb5 a6 5. b6 g6 6. Nc3 Bg7 7. e4 d6 8. Nf3 Nbd7
9. Be2 O-O 10. O-O Nxb6 11. a4 a5 12. Bf4 Bg4 13. Qc2 Nfd7 14. Rad1 Qb8 15. Bg5
Re8 16. Bb5 Bxf3 17. gxf3 Qc8 18. Qe2 Rb8 19. f4 Bf6 20. h4 Na8 21. e5 dxe5 22.
fxe5 Bxe5 23. Bxd7 Qxd7 24. Qxe5 f6 25. Bxf6 exf6 26. Qxf6 Nc7 27. d6 Rf8 28.
dxc7 Qg4+ 29. Kh2 1-0

[Event "CHN Team Men 2016"]
[Site "Wuxi CHN"]
[Date "2016.07.31"]
[Round "5.3"]
[Board "3"]
[White "Wen, Yang"]
[Black "Xu, Minghui"]
[Result "1-0"]
[WhiteTitle "GM"]
[WhiteElo "2611"]
[BlackElo "2305"]
[WhiteTeam "Shandong"]
[BlackTeam "Zhejiang Feiao"]
[WhiteFideId "8602956"]
[BlackFideId "8606790"]
[EventDate "2016.07.28"]

1. d4 Nf6 2. Nf3 g6 3. g3 d5 4. Bg2 Bg7 5. O-O O-O 6. c4 c6 7. Ne5 Be6 8. cxd5
Bxd5 9. Nc3 Bxg2 10. Kxg2 Na6 11. Nf3 c5 12. d5 b5 13. e4 b4 14. Ne2 c4 15. Qd4
Qb6 16. Qxc4 Rfc8 17. Qd4 Qb5 18. Qe3 Ng4 19. Qd2 Qc4 20. Nfd4 Nc5 21. f3 Nxh2
22. Kxh2 Bxd4 23. b3 Qb5 24. Qxd4 Qxe2+ 25. Rf2 Qa6 26. Bb2 f6 27. Rd2 Qb6 28.
Rc1 Nd7 29. Rdc2 Rxc2+ 30. Rxc2 Kf7 31. Qd2 Qa6 32. Qh6 Rg8 33. Qh3 Nf8 1-0

[Event "CHN Team Men 2016"]
[Site "Wuxi CHN"]
[Date "2016.07.31"]
[Round "5.3"]
[Board "4"]
[White "Peng, Shunkai"]
[Black "Liu, Qingnan"]
[Result "0-1"]
[WhiteTitle "CM"]
[BlackTitle "GM"]
[WhiteElo "1944"]
[BlackElo "2507"]
[WhiteTeam "Zhejiang Feiao"]
[BlackTeam "Shandong"]
[WhiteFideId "8614601"]
[BlackFideId "8603294"]
[EventDate "2016.07.28"]

1. e4 c5 2. Nf3 d6 3. Bb5+ Nd7 4. O-O Nf6 5. Re1 a6 6. Bf1 b6 7. c4 Bb7 8. Nc3
e6 9. d4 cxd4 10. Nxd4 Be7 11. f3 Rc8 12. Be3 O-O 13. Rc1 Re8 14. Qd2 Bf8 15.
Kh1 h6 16. Red1 Qc7 17. Qf2 Qb8 18. b3 g6 19. Rc2 Bg7 20. a4 Ne5 21. Qd2 Kh7 22.
Nde2 Bf8 23. Nf4 Nfd7 24. Qf2 Nc5 25. b4 Ncd7 26. Nb1 a5 27. bxa5 bxa5 28. Qd2
Ba6 29. Qxa5 Bxc4 30. Qd2 Bxf1 31. Rxf1 Nc4 32. Qc1 Nxe3 33. Rxc8 Qxc8 34. Qxe3
Qc4 35. Rc1 Qxa4 36. Nc3 Qa3 37. Qd2 Rc8 38. Nce2 Rxc1+ 39. Nxc1 Bg7 40. Nfe2
Ne5 41. Qe1 Bf6 42. Ng1 Bg5 43. Nge2 Nxf3 44. Qg3 Bxc1 45. gxf3 Bd2 46. Kg2 Qd3
47. Ng1 Be3 48. Nh3 Qe2+ 49. Kh1 Qf1+ 0-1

[Event "CHN Team Men 2016"]
[Site "Wuxi CHN"]
[Date "2016.07.31"]
[Round "5.4"]
[Board "2"]
[White "Xu, Yinglun"]
[Black "Li, Di"]
[Result "1/2-1/2"]
[BlackTitle "FM"]
[WhiteElo "2522"]
[BlackElo "2426"]
[WhiteTeam "Guangdong"]
[BlackTeam "Chengdu"]
[WhiteFideId "8604940"]
[BlackFideId "8607508"]
[EventDate "2016.07.28"]

1. d4 d5 2. c4 e6 3. Nc3 c6 4. cxd5 cxd5 5. Nf3 Nc6 6. Bf4 Bd6 7. Bg3 Nge7 8. e3
Nf5 9. Bxd6 Nxd6 10. Bd3 O-O 11. O-O Bd7 12. Rc1 Rc8 13. Qe2 f5 14. b3 Qe7 15.
Qb2 Ne4 16. Ne2 Nb4 17. Bb1 Bb5 18. Rxc8 Rxc8 19. Rc1 Rxc1+ 20. Nxc1 Qc7 21. a3
Nc6 22. Nd3 Bxd3 23. Bxd3 Ne7 24. Ne5 Ng6 25. Nxg6 hxg6 26. Bxe4 dxe4 27. h4 Kh7
28. g3 Kh6 29. Kg2 g5 30. hxg5+ Kxg5 31. Qe2 Qc1 32. Qc4 Qd1 33. Qxe6 Qf3+ 34.
Kg1 Qd1+ 1/2-1/2

[Event "CHN Team Men 2016"]
[Site "Wuxi CHN"]
[Date "2016.07.31"]
[Round "5.4"]
[Board "3"]
[White "Liu, Guanchu"]
[Black "Li, Shilong"]
[Result "1-0"]
[WhiteTitle "IM"]
[BlackTitle "GM"]
[WhiteElo "2366"]
[BlackElo "2512"]
[WhiteTeam "Chengdu"]
[BlackTeam "Guangdong"]
[WhiteFideId "8603901"]
[BlackFideId "8600678"]
[EventDate "2016.07.28"]

1. e4 c5 2. Nf3 d6 3. d4 cxd4 4. Nxd4 Nf6 5. Nc3 a6 6. f4 e6 7. Qf3 Qc7 8. g4
Nc6 9. Nxc6 bxc6 10. g5 Nd7 11. Be3 Rb8 12. O-O-O c5 13. f5 Ne5 14. Qg3 exf5 15.
Bf4 Bb7 16. Bg2 fxe4 17. Bxe5 dxe5 18. Bh3 Bd6 19. Rxd6 Qxd6 20. Rd1 Qe7 21.
Bd7+ Qxd7 22. Rxd7 Kxd7 23. Qxe5 Rbe8 24. Qf5+ Kd6 25. Na4 Re5 26. Qxf7 e3 1-0

[Event "CHN Team Men 2016"]
[Site "Wuxi CHN"]
[Date "2016.07.31"]
[Round "5.4"]
[Board "4"]
[White "Liu, Chang"]
[Black "Zhao, Yuanhe"]
[Result "1/2-1/2"]
[WhiteElo "2361"]
[BlackElo "2328"]
[WhiteTeam "Guangdong"]
[BlackTeam "Chengdu"]
[WhiteFideId "8606340"]
[BlackFideId "8609497"]
[EventDate "2016.07.28"]

1. e4 e5 2. Nc3 Nf6 3. Nf3 Bb4 4. Nxe5 O-O 5. Be2 Re8 6. Nd3 Bxc3 7. dxc3 Nxe4
8. O-O d6 9. Re1 Nd7 10. Bf3 Ndf6 11. Bxe4 Nxe4 12. f3 Nc5 13. Bg5 f6 14. Nxc5
Rxe1+ 15. Qxe1 dxc5 16. Rd1 Qf8 17. Bf4 Bf5 18. Qd2 Qf7 19. Qd5 Qxd5 20. Rxd5
Bxc2 21. Bxc7 c4 22. Kf2 Re8 23. Rd8 Rxd8 24. Bxd8 Kf7 25. Ke3 Ke6 26. Bc7 Kd5
27. Bb8 a6 28. g3 h5 29. h4 g5 30. Bc7 Bd1 1/2-1/2

[Event "CHN Team Men 2016"]
[Site "Wuxi CHN"]
[Date "2016.07.31"]
[Round "5.5"]
[Board "2"]
[White "Chu, Wei Chao"]
[Black "Wang, Rui"]
[Result "1-0"]
[WhiteTitle "IM"]
[BlackTitle "GM"]
[WhiteElo "2309"]
[BlackElo "2386"]
[WhiteTeam "Tianjing Chunhua"]
[BlackTeam "Hebei Ticai"]
[WhiteFideId "8605661"]
[BlackFideId "8601003"]
[EventDate "2016.07.28"]

1. d4 d5 2. c4 dxc4 3. Nf3 Nf6 4. e3 e6 5. Bxc4 a6 6. a4 c5 7. O-O Nc6 8. Qe2
cxd4 9. Rd1 Be7 10. exd4 O-O 11. Nc3 Nb4 12. Ne5 Bd7 13. Bg5 Bc6 14. Nxc6 bxc6
15. a5 Nfd5 16. Bxe7 Qxe7 17. Ne4 Nc7 18. Ra3 Rad8 19. Rh3 h6 20. Rg3 Kh8 21.
Nc5 Nb5 22. Qe5 f6 23. Qxe6 Rfe8 24. Qxe7 Rxe7 25. Re3 Ra7 26. Ne6 Rd6 27. h4 h5
28. Nf4 Rxd4 29. Rxd4 Nxd4 30. Nxh5 Kh7 31. Re8 Nf5 32. Bg8+ Kh6 33. Ng3 Nxg3
34. fxg3 1-0

[Event "CHN Team Men 2016"]
[Site "Wuxi CHN"]
[Date "2016.07.31"]
[Round "5.5"]
[Board "3"]
[White "Zhang, Ziji"]
[Black "Li, Yankai"]
[Result "1/2-1/2"]
[WhiteElo "2313"]
[BlackElo "2234"]
[WhiteTeam "Hebei Ticai"]
[BlackTeam "Tianjing Chunhua"]
[WhiteFideId "8609470"]
[BlackFideId "8609357"]
[EventDate "2016.07.28"]

1. d4 Nf6 2. c4 e6 3. Nc3 Bb4 4. Nf3 d5 5. cxd5 exd5 6. Bg5 Nbd7 7. e3 c5 8. Be2
Qa5 9. O-O Bxc3 10. bxc3 c4 11. Nd2 Qxc3 12. e4 O-O 13. exd5 Qxd4 14. Nxc4 Qxd5
15. Qc1 Ne4 16. Bf4 Nb6 17. Nxb6 axb6 18. Bf3 Bf5 19. Qb2 Qe6 20. Rfe1 Qg6 21.
Re3 Ng5 22. Bxg5 Qxg5 23. Qxb6 Be6 24. a3 Bd5 25. Qb5 Qf6 26. Rc1 Bxf3 27. Rxf3
Rac8 28. Rb1 Qc6 29. Qxc6 bxc6 30. Re3 g6 31. Rb6 Rfd8 32. g3 c5 33. a4 Rd4 1/2-1/2

[Event "CHN Team Men 2016"]
[Site "Wuxi CHN"]
[Date "2016.07.31"]
[Round "5.6"]
[Board "2"]
[White "Zhao, Chenxi"]
[Black "Bao, Qilin"]
[Result "1/2-1/2"]
[WhiteElo "2052"]
[BlackElo "2305"]
[WhiteTeam "Shenzhen Qiyuan"]
[BlackTeam "Heilongjiang Qipai"]
[WhiteFideId "8611513"]
[BlackFideId "8605750"]
[EventDate "2016.07.28"]

1. e4 c5 2. Nf3 d6 3. d4 cxd4 4. Qxd4 Nc6 5. Bb5 Bd7 6. Bxc6 Bxc6 7. c4 Nf6 8.
Nc3 g6 9. O-O Bg7 10. h3 O-O 11. Qe3 a5 12. Nd4 a4 13. Rd1 Nd7 14. Qe2 Qa5 15.
Ncb5 Rfc8 16. Bd2 Qd8 17. Rab1 Nc5 18. f3 Qf8 19. Be3 Ne6 20. Rbc1 Be5 1/2-1/2

[Event "CHN Team Men 2016"]
[Site "Wuxi CHN"]
[Date "2016.07.31"]
[Round "5.6"]
[Board "3"]
[White "Wu, Xibin"]
[Black "Yang, Yuhang"]
[Result "1-0"]
[WhiteTitle "IM"]
[WhiteElo "2257"]
[BlackElo "1834"]
[WhiteTeam "Heilongjiang Qipai"]
[BlackTeam "Shenzhen Qiyuan"]
[WhiteFideId "8600309"]
[BlackFideId "8611530"]
[EventDate "2016.07.28"]

1. d4 Nf6 2. c4 g6 3. Nc3 Bg7 4. e4 d6 5. f3 O-O 6. Be3 Nc6 7. Nge2 a6 8. Qd2
Rb8 9. Rc1 Bd7 10. Nd1 Ne8 11. g3 e5 12. d5 Ne7 13. Nf2 c5 14. b4 b6 15. Bh3 f5
16. O-O Nf6 17. Rb1 Kh8 18. Qd3 Qc8 19. Qa3 fxe4 20. Bxd7 Qxd7 21. fxe4 Ng4 22.
Kg2 Nxf2 23. Rxf2 Qg4 24. Qd3 Rxf2+ 25. Bxf2 Qc8 26. Be3 Ng8 27. Ng1 Nf6 28. h3
Nd7 29. Nf3 h6 30. Qa3 Kh7 31. Nd2 Bf6 32. Qa4 b5 33. Qa3 Bg5 34. Bxg5 hxg5 35.
Nf3 cxb4 36. Rxb4 Qc5 37. Nxg5+ Kg8 38. Ne6 Qc8 39. Qe3 Nc5 40. Nxc5 Qxc5 41.
Qxc5 dxc5 42. Rb2 b4 43. Kf3 Kf7 44. Ke3 Ke7 45. Rf2 a5 46. Kd3 a4 47. h4 a3 48.
Kc2 b3+ 49. axb3 a2 50. Rf1 Rf8 51. Ra1 Rf7 52. Kc3 Rf2 53. g4 Rg2 1-0

[Event "CHN Team Men 2016"]
[Site "Wuxi CHN"]
[Date "2016.07.31"]
[Round "5.6"]
[Board "4"]
[White "Zuo, Yifan"]
[Black "Qu, Yanqiao"]
[Result "1-0"]
[WhiteTitle "CM"]
[WhiteElo "1823"]
[BlackElo "2186"]
[WhiteTeam "Shenzhen Qiyuan"]
[BlackTeam "Heilongjiang Qipai"]
[WhiteFideId "8614610"]
[BlackFideId "8603944"]
[EventDate "2016.07.28"]

1. d4 d5 2. Nf3 e6 3. c4 c6 4. Qc2 f5 5. g3 Nf6 6. Bg2 Bd6 7. O-O O-O 8. b3 Qe7
9. Bb2 Nbd7 10. Nbd2 b6 11. Ne5 Bb7 12. e3 Rac8 13. Rac1 c5 14. Rfd1 Rfd8 15.
Qb1 g6 16. cxd5 Bxd5 17. Nxd7 Rxd7 18. dxc5 Rxc5 19. Qa1 Kf7 20. Nf3 Bxf3 21.
Bxf3 Rxc1 22. Rxc1 Ba3 23. Bxa3 Qxa3 24. Rc2 Qd6 25. Qc3 e5 26. Kg2 Ne4 27. Qc8
Rd8 1-0

[Event "CHN Team Men 2016"]
[Site "Wuxi CHN"]
[Date "2016.07.31"]
[Round "5.7"]
[Board "2"]
[White "Wu, Hao"]
[Black "Yang, Bokai"]
[Result "1-0"]
[WhiteElo "1600"]
[BlackElo "1583"]
[WhiteTeam "Shanxi Huxiaoling"]
[BlackTeam "Shaanxi"]
[WhiteFideId "8616450"]
[BlackFideId "8616469"]
[EventDate "2016.07.28"]

1. e4 c5 2. c3 d5 3. exd5 Qxd5 4. d4 Nc6 5. Be3 cxd4 6. cxd4 e6 7. Nc3 Qd6 8.
Nf3 Nf6 9. Bd3 Be7 10. O-O O-O 11. Rc1 a6 12. a3 b5 13. Ne4 Nxe4 14. Bxe4 Bb7
15. Ne5 Rac8 16. Bf4 Nxe5 17. Rxc8 Bxc8 18. dxe5 Qxd1 19. Rxd1 Rd8 20. Rc1 f5
21. Bf3 g5 22. Be3 f4 23. Bb6 Rf8 24. Bg4 Bd7 25. Rc7 Bd8 26. Rxd7 Bxb6 27.
Bxe6+ Kh8 28. Bg4 h5 29. Bxh5 Rf5 30. Re7 Bc5 31. Re8+ Kg7 32. Bg4 Rf8 33. Re6
Bd4 34. b3 Rc8 35. Re7+ Kf8 36. Bxc8 Kxe7 37. Bxa6 b4 38. a4 Bxe5 39. g3 Kd6 40.
Bc4 Kc5 41. a5 Bc7 42. gxf4 Bxf4 43. h3 Bc7 44. a6 Kb6 45. Kg2 Ka7 46. Kf3 Bb6
47. Kg4 Bxf2 48. Kxg5 Be3+ 49. Kh5 Bf2 50. h4 Be1 51. Kg5 Bd2+ 52. Kg6 Be1 53.
h5 Bd2 54. h6 Bc3 55. h7 Bd4 56. Kf7 Bc3 57. Kg8 Kb6 58. h8=Q Bxh8 59. Kxh8 1-0

[Event "CHN Team Men 2016"]
[Site "Wuxi CHN"]
[Date "2016.07.31"]
[Round "5.7"]
[Board "3"]
[White "Liu, Chuming"]
[Black "Lu, Kaiyan"]
[Result "1/2-1/2"]
[WhiteElo "1325"]
[BlackElo "1511"]
[WhiteTeam "Shaanxi"]
[BlackTeam "Shanxi Huxiaoling"]
[WhiteFideId "8616477"]
[BlackFideId "8610495"]
[EventDate "2016.07.28"]

1. d4 Nf6 2. c4 g6 3. Nc3 Bg7 4. e4 d6 5. Be2 O-O 6. Nf3 Na6 7. Be3 e5 8. d5 Nc5
9. Nd2 a5 10. a3 a4 11. Bxc5 dxc5 12. Nxa4 Qe7 13. Nc3 Ne8 14. Qc2 Nd6 15. Qb1
f5 16. f3 Bh6 17. Qd3 Qg5 18. g3 Qxd2+ 19. Qxd2 Bxd2+ 20. Kxd2 fxe4 21. fxe4 Bh3
22. Ke3 Rf7 23. b4 b6 24. bxc5 bxc5 25. g4 h5 26. gxh5 gxh5 27. Rhg1+ Kh7 28.
Rg5 Bg4 29. Bxg4 hxg4 30. Rxg4 Nxc4+ 31. Ke2 Rg7 32. Rxg7+ Kxg7 33. Nb5 Nd6 34.
Nc3 c4 1/2-1/2

[Event "CHN Team Men 2016"]
[Site "Wuxi CHN"]
[Date "2016.08.01"]
[Round "6.1"]
[Board "2"]
[White "Xu, Jun"]
[Black "Li, Di"]
[Result "1/2-1/2"]
[WhiteTitle "GM"]
[BlackTitle "FM"]
[WhiteElo "2534"]
[BlackElo "2426"]
[WhiteTeam "Jiangsu Lvyang"]
[BlackTeam "Chengdu"]
[WhiteFideId "8600031"]
[BlackFideId "8607508"]
[EventDate "2016.07.28"]

1. Nf3 d5 2. d4 Nf6 3. c4 e6 4. Nc3 c6 5. Bg5 dxc4 6. e4 b5 7. e5 h6 8. Bh4 g5
9. Nxg5 hxg5 10. Bxg5 Nbd7 11. g3 Bb7 12. Bg2 Qb6 13. exf6 O-O-O 14. O-O c5 15.
d5 b4 16. Rb1 Qa6 17. dxe6 Bxg2 18. e7 Bxf1 19. Qd5 Bxe7 20. fxe7 Bd3 21. Ne4
Bxb1 22. Nd6+ Kc7 23. Bf4 Kb6 24. Nxc4+ Kb5 25. Nd6+ Kb6 26. Nc4+ Kb5 27. Nd6+
Kb6 28. Nc4+ Kb5 29. Nd6+ Kb6 30. Nc4+ Kb5 1/2-1/2